00814nam a2200157Ia 4500008004100000020001800041050001600059100003900075245009200114260003100206300002700237500002400264505030100288650004000589650002700629120625s20072014mx A 000 0 esp d a978968186973104aH61.28bO771 aORTIZ URIBE, Frida Gisela.eautor 13aLa entrevista de investigación en las ciencias sociales c/ Frida Gisela Ortiz Uribe. aMéxico :bLimusa, c2007 a211 páginasc, 23 cm aReimpresión, 20141 aLa entrevista en la investigación Modalidades de la entrevista Unidades de análisis Técnicas de encuesta Sondeo Preparación y realización de la entrevista Principios directivos de la entrevista La entrevista y sus tipos de propósitos Limitaciones de la investigación por entrevista 10aCIENCIAS SOCIALES xINVESTIGACIÓN20aENTREVISTAxTÉCNICAS